Antigua poesía española lírica y narrativa: siglos XI-XIII

Salvato in:
Dettagli Bibliografici
Autore principale: Alvar, Manuel (Autore)
Natura: Libro
Lingua:spagnolo
Pubblicazione: Ciudad de México Porrúa S. A 1985
Edizione:4a. ed
Soggetti:
Tags: Aggiungi Tag
Nessun Tag, puoi essere il primo ad aggiungerne!!

MARC

LEADER 00000cam a2200000 a 4500
001 UCF7704
003 CL-VaPUC
008 130704e19850000MX |||||||||||||||||spa|d
020 |a 9684326343 
082 0 4 |a 861.9  |b ALV  |2 21 
100 0 |a Alvar, Manuel  |e author  |9 569806 
245 1 0 |a Antigua poesía española lírica y narrativa: siglos XI-XIII 
246 1 0 |a Jarchas 
246 1 0 |a Libro de la infancia y muerte de Jesús 
246 1 0 |a Vida de Santa María egipcíaca 
246 1 0 |a Disputa del alma y el cuerpo 
246 1 0 |a Razón de amor con los denuestos del agua y el vino 
246 1 0 |a Elena y María, disputa del clérigo y el caballero 
246 1 0 |a El Planto ¡Ay Jerusalén! 
246 1 0 |a Historia troyana en prosa y verso 
250 |a 4a. ed 
300 |a 227 p 
942 |c BK 
945 |d 20130704 00:00:00  |a dcastane 
260 |a Ciudad de México  |b Porrúa S. A  |c 1985 
650 0 |a Poesía española  |9 264938 
650 7 |a LIRICA  |2 CL-VaPUC  |9 317554 
650 7 |a NARRATIVA ESPAÑOLA  |2 CL-VaPUC  |9 531442 
650 0 |a Crítica e interpretación   |9 255042 
583 |a last modification  |c 20130704 11:43:00  |k Rodrigo Vera 
999 |c 352500  |d 352498 
952 |0 0  |1 0  |4 0  |6 861_900000000000000_ALV_1985  |7 0  |8 A  |9 457050  |a BIBART  |b BIBART  |d 2019-11-22  |i 4984633  |o 861.9 ALV 1985  |p 4984633  |r 2025-03-13  |w 2019-11-22  |y BK  |k ART